Sueños sus mensajes e interpretación (Registro nro. 10647)
[ vista simple ]
| 000 -CABECERA | |
|---|---|
| campo de control de longitud fija | 00507nam a22002057a 4500 |
| 005 - FECHA Y HORA DE ACTUALIZACIÓN | |
| campo de control | 20180521085127.0 |
| 008 - LONGITUD FIJA | |
| campo de control de longitud fija | 180521b xxu||||| |||| 00| 0 spa d |
| 020 ## - INTERNATIONAL STANDARD BOOK NUMBER | |
| Número Internacional Estándar del Libro | 382285834 |
| 041 ## - IDIOMA | |
| Código de idioma del texto/pista de sonido o título separado | |
| 082 ## - CLASIFICACIÓN DECIMAL DEWEY | |
| Número de clasificación | 154.3 Z94s |
| 100 ## - AUTOR PERSONAL | |
| Nombre de persona | Zucker, Fiona |
| 100 ## - AUTOR PERSONAL | |
| Nombre de persona | Zucker, Jonny |
| 245 ## - TÍTULO PROPIAMENTE DICHO | |
| Título | Sueños sus mensajes e interpretación |
| 260 ## - PIE DE IMPRENTA | |
| Lugar de publicación, distribución, etc. | China |
| 260 ## - PIE DE IMPRENTA | |
| Nombre del editor, distribuidor, etc. | Taschen |
| 260 ## - PIE DE IMPRENTA | |
| Fecha de publicación, distribución, etc. | 2001 |
| 650 ## - Materia General | |
| Materia general | SUEÑOS |
| 650 ## - Materia General | |
| Materia general | INTERPRETACIÓN DE SUEÑOS |
| 942 ## - Punto de Acceso Adicional Koha | |
| Tipo de ítem Koha | Libro |
| Estado perdido | Estado dañado | No para préstamo | Biblioteca permanente | Biblioteca actual | Signatura completa | Código de barras | Tipo de ítem |
|---|---|---|---|---|---|---|---|
| Departamento de Biblioteca y Documentación Alfonso Chase Brenes | Departamento de Biblioteca y Documentación Alfonso Chase Brenes | 154.63 Z94s | 23221 | Libro |